Flags of countries that borders the Arabian Sea - Statistics

General Stats
  • This quiz has been taken 21 times
  • The average score is 5 of 5
Answer Stats
Picture Answer % Correct
India
100%
Pakistan
100%
Somalia
95%
Yemen
95%
Oman
89%
No matching quizzes found
Score Distribution
Percent of People with Each Score
Percentile by Number Answered
Your Score History
You have not taken this quiz